Mídia, direito penal e vulnerabilidade : (Record no. 134)

MARC details
000 -LÍDER
Campo Fixo de Controle 00767cam a2200241 a 4500
001 - NÚMERO DE CONTROLE
Campo de Controle 134
003 - IDENTIFICAÇÃO DO NÚMERO DE CONTROLE
Campo de Controle BR-CuiBMT
005 - DATA E HORA DA ÚLTIMA ATUALIZAÇÃO
Campo de Controle 20231117023037.0
008 - DADOS FIXOS
Dados Fixos 230818s2021 mgb 000 0 por d
020 ## - INTERNATIONAL STANDARD BOOK NUMBER
Nº do ISBN 9786555181715
040 ## - AGÊNCIA CATALOGADORA
Código da Agência Catalogadora BR-CuiBMT
Agência que transcreveu o registro BR-CuiBMT
080 ## - Nº DA CLASSIFICAÇÃO DECIMAL UNIVERSAL
Nº edição CDU 2007
Nº Class. CDU 343.9
090 ## - NÚMERO DE CHAMADA
Nº classificação 343.9
Cutter B954m
100 1# - ENTRADA PRINCIPAL -- AUTOR PESSOAL
Nome pessoal Burgarelli, Vítor
245 10 - TÍTULO PRINCIPAL
Título principal Mídia, direito penal e vulnerabilidade :
Subtítulo a opinião pública na decisão penal /
Indicação de responsabilidade Vítor Burgarelli.
260 ## - PUBLICAÇÃO, DISTRIBUIÇÃO, ETC.
Local de publicação Belo Horizonte :
Editora Fórum,
Data 2021.
300 ## - DESCRIÇÃO FÍSICA
N. páginas ou volumes 168 p. ;
Dimensões 22 cm
504 ## - NOTA DE BIBLIOGRAFIA, ETC.
Nota de bibliografia Inclui bibliografia.
650 ## - ASSUNTO TÓPICO
Cabeçalho tópico ou nome geográfico Direito processual penal
Subdivisão geral Opinião pública
Subdivisão geográfica Brasil
650 ## - ASSUNTO TÓPICO
Cabeçalho tópico ou nome geográfico Criminologia
Subdivisão geral Aspectos sociais
650 ## - ASSUNTO TÓPICO
Cabeçalho tópico ou nome geográfico Decisões judiciais
Subdivisão geral Influência midiática
942 ## - ELEMENTOS DE ENTRADA ADICIONAIS (KOHA)
Fonte de classificação ou esquema de arquivamento Classificação Decimal Universal
Tipo de item do Koha Livros
Holdings
Estado: removido Estado: perdido Fonte de classificação ou esquema de arquivamento Estado: danificado Indisponível para empréstimo Localização permanente Localização atual Data de aquisição Total Checkouts Número de Chamada completo Código de barras Date last seen Número do exemplar Preço efetivo a partir de Tipo de item (Koha)
    Classificação Decimal Universal     Biblioteca da Escola Superior de Contas do TCE/MT Biblioteca da Escola Superior de Contas do TCE/MT 28/06/2023   343.9 B954m BIBTCEMT23080111 18/08/2023 Ex. 1 18/08/2023 Livros
    Classificação Decimal Universal     Biblioteca da Escola Superior de Contas do TCE/MT Biblioteca da Escola Superior de Contas do TCE/MT 28/07/2023   343.9 B954m BIBTCEMT23110486 13/11/2023 Ex. 2 13/11/2023 Livros
    Classificação Decimal Universal     Biblioteca da Escola Superior de Contas do TCE/MT Biblioteca da Escola Superior de Contas do TCE/MT 28/07/2023   343.9 B954m BIBTCEMT23110487 13/11/2023 Ex. 3 13/11/2023 Livros
    Classificação Decimal Universal     Biblioteca da Escola Superior de Contas do TCE/MT Biblioteca da Escola Superior de Contas do TCE/MT 28/07/2023   343.9 B954m BIBTCEMT23110488 13/11/2023 Ex. 4 13/11/2023 Livros

Powered by Koha